As cangas e jugos portugueses de jungir os bois pelo cachaso / (Record no. 65052)

MARC details
000 -LEADER
campo de control de longitud fija 00527nam a2200169 i 4500
001 - NÚMERO DE CONTROL
campo de control 65052
003 - IDENTIFICADOR DE NÚMERO DE CONTROL
campo de control ES-MaACL
005 - FECHA Y HORA DE LA ÚLTIMA TRANSACCIÓN
campo de control 20251014063127.0
007 - CAMPO FIJO DE DESCRIPCIÓN FÍSICA--INFORMACIÓN GENERAL
campo de control de longitud fija t|
008 - DATOS DE LONGITUD FIJA--INFORMACIÓN GENERAL
campo de control de longitud fija 040108s1916 po ||||1| por d
100 1# - ENTRADA PRINCIPAL--NOMBRE DE PERSONA
Nombre de persona Frankowski, Eugeniusz,
Fechas asociadas al nombre 1884-1962
9 (RLIN) 52338
245 13 - MENCIÓN DEL TÍTULO
Título As cangas e jugos portugueses de jungir os bois pelo cachaso /
Mención de responsabilidad, etc. Eugeniusz Frankowski.
260 ## - PUBLICACIÓN, DISTRIBUCIÓN, ETC.
Lugar de publicación, distribución, etc. Lisboa :
Nombre del editor, distribuidor, etc. [s.n.],
Fecha de publicación, distribución, etc. 1916.
500 ## - NOTA GENERAL
Nota general Es separata de: Terra portuguesa. Nº 2.
852 ## - LOCALIZACIÓN
Ubicación ES-MaACL
Número de control de estantería 1595-F-20
Holdings
Estatus retirado Estado de pérdida Estado de daño No para préstamo Colección Biblioteca de origen Biblioteca actual Ubicación en estantería Fecha de adquisición Fuente de adquisición Total de préstamos Signatura topográfica completa Código de barras Visto por última vez Precio de reemplazo Tipo de ítem Koha
        Colección de folletos Biblioteca del Ateneo de Madrid Biblioteca del Ateneo de Madrid Depósito folletos 17/01/2008     1595-F-20 1068157 23/02/2023 23/02/2023 Folleto